ბათუმის შოთა რუსთაველის სახელმწიფო უნივერსიტეტის ბიბლიოთეკა

ჩვენ ვნახეთ ისინი (ბიბ.ჩანაწერი № 42574)

000 -LEADER
fixed length control field 00844nam a2200229Ia 4500
001 - CONTROL NUMBER
control field 9275
003 - CONTROL NUMBER IDENTIFIER
control field GE_BSU
008 - FIXED-LENGTH DATA ELEMENTS--GENERAL INFORMATION
fixed length control field 181216s||||||||xx |||||||||||||| ||und||
040 ## - CATALOGING SOURCE
Transcribing agency GE_BSU
080 ## - UNIVERSAL DECIMAL CLASSIFICATION NUMBER
Universal Decimal Classification number 821.353.1-92+821.353.1-4
100 ## - MAIN ENTRY--PERSONAL NAME
Personal name ლორთქიფანიძე,კონსტანტინე;მოსულაშვილი,ილო
245 ## - TITLE STATEMENT
Title ჩვენ ვნახეთ ისინი
245 ## - TITLE STATEMENT
Remainder of title წერილები და ნარკვევები
245 ## - TITLE STATEMENT
Statement of responsibility, etc. რედ:ი.აბაშიძე
260 ## - PUBLICATION, DISTRIBUTION, ETC.
Place of publication, distribution, etc. თბილისი.
260 ## - PUBLICATION, DISTRIBUTION, ETC.
Name of publisher, distributor, etc. საბჭ.მწერალი.
260 ## - PUBLICATION, DISTRIBUTION, ETC.
Date of publication, distribution, etc. 1943.
300 ## - PHYSICAL DESCRIPTION
Extent 68გვ;20სმ.
653 ## - INDEX TERM--UNCONTROLLED
Uncontrolled term ჩვენ ვნახეთ ისინი
653 ## - INDEX TERM--UNCONTROLLED
Uncontrolled term წერილები და ნარკვევები
942 ## - ADDED ENTRY ELEMENTS (KOHA)
Koha item type წიგნი
ეგზემპლარები
Withdrawn status Lost status Damaged status Not for loan Date acquired Barcode Date last seen Price effective from Koha item type
        2018-12-17 32097 2018-12-17 2018-12-17 წიგნი
        2018-12-17 32098 2018-12-17 2018-12-17 წიგნი